Statistics for Europa League Champions Goalkeepers

Click here to take the quiz!

General Stats

  • This quiz has been taken 24 times
    (2 since last reset)
  • The average score is 8 of 11

Answer Stats

GK % Correct
Kepa Arrizabalaga
100%
Jan Oblak
100%
Sergio Romero
100%
Sergio Rico
100%
Petr Čech
100%
Thibaut Courtois
100%
David de Gea
100%
Helton
50%
Yassine Bounou
0%
David Soria
0%
Javi Varas
0%

Score Distribution

Percentile by Number Answered

Percent of People with Each Score

Your Score History

You have not taken this quiz since the last reset